Normal view MARC view
  • BAJWA, DR. BAIJINDER SINGH & PATEL, DR. RASHMIKA AND FAROOQUI, DR. NASIRUDDIN AHMAD

Entry Personal Name

Number of records used in: 1

001 - CONTROL NUMBER

  • control field: 8534

003 - CONTROL NUMBER IDENTIFIER

  • control field: JRU

005 - DATE AND TIME OF LATEST TRANSACTION

  • control field: 20240918155842.0

008 - FIXED-LENGTH DATA ELEMENTS

  • fixed length control field: 240918|| aca||aabn | a|a d

040 ## - CATALOGING SOURCE

  • Original cataloging agency: JRU
  • Transcribing agency: JRU

100 ## - HEADING--PERSONAL NAME

  • Personal name: BAJWA, DR. BAIJINDER SINGH & PATEL, DR. RASHMIKA AND FAROOQUI, DR. NASIRUDDIN AHMAD

670 ## - SOURCE DATA FOUND

  • Source citation: Work cat.: (JRU)8663: BAJWA, DR. BAIJINDER SINGH & PATEL, DR. RASHMIKA AND FAROOQUI, DR. NASIRUDDIN AHMAD, PHARMACOGNOSY AND PHYTOCHEMISTRY - I [B. PHARMA, 4TH SEMESTER]